Normal view
MARC view
Entry Nombre personal
001 - NÚMERO DE CONTROL
- campo de control: 30090
003 - IDENTIFICADOR DEL NÚMERO DE CONTROL
- campo de control: FranzMayer
005 - FECHA Y HORA DE LA ÚLTIMA TRANSACCIÓN
- campo de control: 20251211101238.0
008 - DATOS DE LONGITUD FIJA
- campo de control de longitud fija: 251211|| aca||aabn | a|a d
040 ## - FUENTE DE LA CATALOGACIÓN
- Centro catalogador/agencia de origen: FranzMayer
- Centro/agencia transcriptor: FranzMayer
100 ## - ENCABEZAMIENTO-NOMBRE DE PERSONA
- Nombre de persona: Rio, Manuel de
- Fechas asociadas al nombre: ca. 1690-1766
670 ## - FUENTE DE DATOS ENCONTRADOS
- Cita de la fuente: Work cat.: (FranzMayer)11098: Rio, Manuel de ca. 1690-1766 autor, Arte de reloxes de ruedas, para torre, sala, y faltriquera. Tomo primero [volumen I] / , 1798